000 00506cam a2200181ua 4500
020 _a81 204 0041 0
_c76.00
041 _aeng
_h
082 _a634.9
_bAGA/FO
100 _aAgarwala, V P .
245 _aForests in India: environmental and productions frontiers /
_cV P Agarwala.
_hTextual Documents
260 _aNew Delhi :
_bOxford & IBH Publishing company ,
_c1985.
300 _a341 ; .
365 _a76.00
500 _a** Reference
504 _a
942 _cBK
999 _c4780
_d4780